00614cam a22002051 450000100060000000300080000600500170001400800410003103500190007203500180009104000400010904100080014908200220015710000220017924500530020126000500025430000330030450400400033765100310037726946BD-RjUL20211209051106.0140324s1964 okub b 001 0 eng d a(BD-RjUL)27017 a(OCoLC)991675 aDLCcOClUdOCoLCdDLCdBD-RjULbeng aeng00a915.691bZID 19641 aZiadeh, Nicola A.10aDamascus under the Mamlūks /c Nicola A Ziadeh aNorman :bUniversity of Oklahoma Press,c1964 axx, 140 p. :bill. ;c19 cm. aBibliography: p. 132-134. and Index 0aDamascus (Syria)xHistory.